| 000 | 00836nam a22002657a 4500 | ||
|---|---|---|---|
| 001 | 000385 | ||
| 003 | DO-SdBNP | ||
| 005 | 20180118105837.0 | ||
| 007 | 000385 | ||
| 008 | 160713b 1991 sp ||||| |||| 00| 0 spa d | ||
| 020 | _a8479691069 | ||
| 040 |
_aBPMSU _bspa _cBPMSU |
||
| 100 | 1 |
_aHoffmann, Ernst T. A., _d1776-1822. |
|
| 245 | 1 | 0 |
_aLa casa vacía / _cE. T. A. Hoffmann ; traducción, Celia y Rafael Lupiani. |
| 260 |
_a[Madrid] : _bCompañía Europea de Comunicación e Información, _c1991. |
||
| 300 |
_a93 p. ; _c19 cm. |
||
| 490 | 1 |
_aBiblioteca de El sol _v87 |
|
| 505 | 0 | _tEl corazón de piedra. | |
| 700 | 1 | 2 |
_aLupiani, Celia, _etr. |
| 700 | 1 | 2 |
_aLupiani, Rafael, _etr. |
| 830 | 0 |
_aBiblioteca de El sol ; _v87 |
|
| 942 |
_2ddc _cBK |
||
| 945 | _aInventariado, 2018/MFF | ||
| 956 |
_2LOPEREZ _310 _6BPMSU _820160713 _a00041 |
||
| 999 |
_c10863 _d10863 |
||